MARC

LEADER 00000nam0a2200000 4500
001 324629
005 20231102003703.0
035 |a (RuTPU)RU\TPU\book\350227 
090 |a 324629 
100 |a 20161118d1968 km y0rusy50 ca 
101 0 |a rus 
102 |a RU 
105 |a a z 001zy 
200 1 |a Арболит  |f Научно-исследовательский институт бетона и железобетона (НИИЖБ) ; под ред. Г. А. Бужевича 
210 |a Москва  |c Стройиздат  |d 1968 
215 |a 244 с.  |c ил. 
225 1 |a Новые строительные материалы 
320 |a Библиогр.: с. 238-242 
606 1 |a Арболит  |x Строительные материалы  |2 stltpush  |3 (RuTPU)RU\TPU\subj\29325  |9 52685 
610 1 |a свойства 
610 1 |a арболитовые изделия 
610 1 |a арболитовые конструкции 
610 1 |a проектирование 
610 1 |a расчет 
610 1 |a арболитовые смеси 
610 1 |a состав 
610 1 |a производство 
610 1 |a применение 
610 1 |a перспективы 
675 |a 691.115  |v 4 
702 1 |a Бужевич  |b Г. А.  |g Григорий Абрамович  |4 340 
712 0 2 |a Научно-исследовательский институт бетона и железобетона (НИИЖБ)  |2 stltpush  |3 (RuTPU)RU\TPU\col\20214 
801 1 |a RU  |b 63413507  |c 20161118 
801 2 |a RU  |b 63413507  |c 20200722  |g RCR 
942 |c BK